000
00278nam a2200097Ia 4500
005
20251222175818.0
008
251222s9999||||xx |||||||||||||| ||spa||
082
_a
DVD0090/B27/2004
245
0
_a
Karol: el hombre que se convirtió en Papa:Karol: a man who became Pope
942
_c
DVD
999
_c
40396
_d
40396